Killer diller : (Record no. 12435)

000 -LEADER
fixed length control field 00926cam a2200253 a 4500
001 - CONTROL NUMBER
control field 582264
005 - DATE AND TIME OF LATEST TRANSACTION
control field 20160804092843.0
008 - FIXED-LENGTH DATA ELEMENTS--GENERAL INFORMATION
fixed length control field 900627s1991 ncu 000 1 eng
010 ## - LIBRARY OF CONGRESS CONTROL NUMBER
LC control number 90042778
020 ## - INTERNATIONAL STANDARD BOOK NUMBER
International Standard Book Number 094557553X :
Terms of availability $17.95
040 ## - CATALOGING SOURCE
Original cataloging agency DLC
Transcribing agency DLC
Modifying agency DLC
050 00 - LIBRARY OF CONGRESS CALL NUMBER
Classification number PS3555.D47
Item number K5 1991
082 00 - DEWEY DECIMAL CLASSIFICATION NUMBER
Classification number 813/.54
Edition number 20
100 1# - MAIN ENTRY--PERSONAL NAME
Personal name Edgerton, Clyde,
Dates associated with a name 1944-
245 10 - TITLE STATEMENT
Title Killer diller :
Remainder of title a novel /
Statement of responsibility, etc. Clyde Edgerton.
250 ## - EDITION STATEMENT
Edition statement 1st ed.
260 ## - PUBLICATION, DISTRIBUTION, ETC. (IMPRINT)
Place of publication, distribution, etc. Chapel Hill :
Name of publisher, distributor, etc. Algonquin Books,
Date of publication, distribution, etc. 1991.
300 ## - PHYSICAL DESCRIPTION
Extent 247 p. ;
Dimensions 23 cm.
650 #0 - SUBJECT ADDED ENTRY--TOPICAL TERM
Topical term or geographic name as entry element Young men
Geographic subdivision North Carolina
General subdivision Fiction.
856 42 - ELECTRONIC LOCATION AND ACCESS
Materials specified Publisher description
Uniform Resource Identifier <a href="http://www.loc.gov/catdir/enhancements/fy0713/90042778-d.html">http://www.loc.gov/catdir/enhancements/fy0713/90042778-d.html</a>
906 ## - LOCAL DATA ELEMENT F, LDF (RLIN)
a 7
b cbc
c orignew
d 1
e ocip
f 19
g y-gencatlg
942 ## - ADDED ENTRY ELEMENTS (KOHA)
Source of classification or shelving scheme
Koha item type Hard Covered Materials
Classification part SPE PS 3555 .D47 1991
Holdings
Withdrawn status Lost status Source of classification or shelving scheme Damaged status Not for loan Home library Current library Shelving location Date acquired Source of acquisition Total Checkouts Full call number Barcode Date last seen Price effective from Koha item type
          MACHAKOS UNIVERSITY LIBRARY MACHAKOS UNIVERSITY LIBRARY Open shelf 04/08/2016 Donation (BFA)   SPE PS 3555 .D47 1991 11941 07/06/2019 04/08/2016 Hard Covered Materials
© Machakos University Library, Along The Highway, Machakos Wote Rd, Machakos, Kenya P.O. Box 136 - 90100 Machakos - Kenya

Tel: ( +254 ) 723 805829 OR Fax : 044-20353 OR Email: library@mksu.ac.ke